<?xml version="1.0" encoding="UTF-8"?>
<record
    xmlns:xsi="http://www.w3.org/2001/XMLSchema-instance"
    xsi:schemaLocation="http://www.loc.gov/MARC21/slim http://www.loc.gov/standards/marcxml/schema/MARC21slim.xsd"
    xmlns="http://www.loc.gov/MARC21/slim">

  <leader>00199nam a22000857a 4500</leader>
  <controlfield tag="001">1301085</controlfield>
  <controlfield tag="005">20260428182338.0</controlfield>
  <datafield tag="245" ind1=" " ind2=" ">
    <subfield code="a">ADIM ADIM B&#x130;LG&#x130;SAYAR B&#x130;L&#x130;M&#x130;</subfield>
    <subfield code="c">CELAL DEM&#x130;REL</subfield>
  </datafield>
  <datafield tag="260" ind1=" " ind2=" ">
    <subfield code="b">T&#xDC;B&#x130;TAK</subfield>
  </datafield>
  <datafield tag="999" ind1=" " ind2=" ">
    <subfield code="c">1301085</subfield>
    <subfield code="d">1301085</subfield>
  </datafield>
  <datafield tag="952" ind1=" " ind2=" ">
    <subfield code="0">0</subfield>
    <subfield code="1">0</subfield>
    <subfield code="2">ddc</subfield>
    <subfield code="4">0</subfield>
    <subfield code="7">0</subfield>
    <subfield code="a">1091</subfield>
    <subfield code="b">1091</subfield>
    <subfield code="d">2026-04-28</subfield>
    <subfield code="l">0</subfield>
    <subfield code="o">1-7</subfield>
    <subfield code="p">10915101</subfield>
    <subfield code="r">2026-04-28 18:23:55</subfield>
    <subfield code="w">2026-04-28</subfield>
    <subfield code="y">BK</subfield>
  </datafield>
</record>
